| 000 | 00687nam a2200229Ia 4500 | ||
|---|---|---|---|
| 008 | 160418s9999 xx 000 0 und d | ||
| 020 | _a971-08-6986-8 | ||
| 050 | _aFIL PL 6061 | ||
| 050 | _b.M46 2009 c.1 | ||
| 100 | _aMendoza, Elenita Decal - | ||
| 245 | _aPabigkas at pasulat na pakikipagtalastasan : | ||
| 245 | _btula, deklamasyon, talumpati, kuwento, balagtasan at debate / | ||
| 245 | _cElenita Decal-Mendoza | ||
| 250 | _aBinagong Edisyon | ||
| 260 | _aMandaluyong: | ||
| 260 | _bNational Book Store. | ||
| 260 | _c2003 | ||
| 300 | _a155 pages : | ||
| 300 | _c22 cm. | ||
| 500 | _aIncludes bibliographical references. | ||
| 650 | _aFilipino language -- Rhetoric. | ||
| 999 |
_c293509 _d293509 |
||